000 01278nam a22003137a 4500
005 20180305122856.0
010 _aBAC-EN21 B-576415 ENG-111459
020 _a9788129132741
_c500.00
035 _aB-576415 EN-94991
035 _aB-587606-622
035 _aB-664966
037 _bUppal/Ven
_adpl
037 _bUBH
037 _bDBAD/PUB
082 _a921
100 _aNatwar Singh, K.
245 _aOne life is not enough :
_ban autobiography /
_cby K. Natwar Singh
260 _aNew Delhi
_bRupa Publications
_c2014
270 _a7/16 Ansari Road, Darya Ganj
_bNew Delhi
_e110002
300 _a xiii, 410 p., [40] p. of plates :
_c24cm(Hb)
_b ill. (chiefly col.)
500 _a Includes index.
600 _aNatwar-Singh, K.
650 _a Politicians
_z India
_vBiography.
650 _a Politicians
_zIndia
_vBiography.
942 _2ddc
_cEN
_h921
_mNAT
999 _c88966
_d88966